[Event "European Senior Teams Chess Championship"]
[Site "Rogaska Slatina"]
[Date "2012.03.29"]
[Round "3.17"]
[White "Kendall, Paul S N"]
[Black "Liebscher, Helmar"]
[Result "1/2-1/2"]
[WhiteElo "2042"]
[BlackElo "2093"]
[PlyCount "49"]
[EventDate "2012.03.27"]
[WhiteTeam "ENG 3"]
[BlackTeam "GER - CACHSEN-ANGALT"]

1. e4 e5 2. Nf3 Nc6 3. Bb5 a6 4. Ba4 Nf6 5. d4 Nxe4 6. O-O b5 7. Bb3 d5 8. dxe5
Be6 9. c3 Be7 10. Nbd2 O-O 11. Bc2 f5 12. a4 b4 13. cxb4 Bxb4 14. Nb3 Qe8 15.
Nbd4 Nxd4 16. Nxd4 c5 17. Nxe6 Qxe6 18. f3 Qxe5 19. fxe4 fxe4 20. Rxf8+ Rxf8
21. Qe2 c4 22. Be3 Bd6 23. g3 Qxb2 24. Rd1 Qe5 25. Bd4 1/2-1/2

[Event "European Senior Teams Chess Championship"]
[Site "Rogaska Slatina"]
[Date "2012.03.29"]
[Round "3.17"]
[White "Kirmas, Joachim Dr"]
[Black "Wood, Peter R"]
[Result "1-0"]
[WhiteElo "2050"]
[BlackElo "1890"]
[PlyCount "87"]
[EventDate "2012.03.27"]
[WhiteTeam "GER - CACHSEN-ANGALT"]
[BlackTeam "ENG 3"]

1. e4 e6 2. d4 d5 3. Nc3 Nf6 4. Bg5 Bb4 5. e5 h6 6. exf6 hxg5 7. fxg7 Rg8 8. h4
gxh4 9. Qh5 Qf6 10. Qxh4 Qxg7 11. O-O-O Bxc3 12. bxc3 Nc6 13. Qh2 Kd7 14. Nf3
a6 15. c4 Qf8 16. cxd5 Qa3+ 17. Kd2 Qa5+ 18. Ke3 exd5 19. Bd3 Re8+ 20. Kf4 Qb4
21. Bf5+ Kd8 22. Qh4+ Qe7 23. Qxe7+ Rxe7 24. Rh8+ Re8 25. Rxe8+ Kxe8 26. Rh1
Nd8 27. Ke5 Nc6+ 28. Kf6 Bxf5 29. Rh8+ Kd7 30. Rxa8 Bxc2 31. Kxf7 Nd8+ 32. Kf6
c5 33. dxc5 Nc6 34. g4 Bd1 35. Ne5+ Nxe5 36. Kxe5 Bxg4 37. Rg8 Bh5 38. Rh8 Bf3
39. Rh6 Be4 40. f4 Bb1 41. a3 Kc7 42. Kxd5 Ba2+ 43. Ke5 a5 44. f5 1-0

[Event "European Senior Teams Chess Championship"]
[Site "Rogaska Slatina"]
[Date "2012.03.29"]
[Round "3.17"]
[White "Norman, Dinah M"]
[Black "Reinemann, Guenter Dr"]
[Result "1/2-1/2"]
[WhiteElo "1876"]
[BlackElo "2011"]
[PlyCount "122"]
[EventDate "2012.03.27"]
[WhiteTeam "ENG 3"]
[BlackTeam "GER - CACHSEN-ANGALT"]

1. d4 f5 2. g3 Nf6 3. Bg2 g6 4. c4 Bg7 5. Nc3 d6 6. d5 c6 7. Nh3 e5 8. O-O c5
9. f4 e4 10. e3 O-O 11. Bd2 Bd7 12. Rc1 h6 13. a3 Na6 14. b3 Rb8 15. Qe2 Nc7
16. a4 b6 17. Nb5 Bxb5 18. axb5 a6 19. bxa6 Nxa6 20. Bc3 Qd7 21. Ra1 Qb7 22.
Qd2 Ra8 23. Rfb1 Nc7 24. Rxa8 Rxa8 25. Qb2 Kf7 26. Ra1 b5 27. Rxa8 Qxa8 28.
Bxf6 Bxf6 29. Qc1 Qa2 30. cxb5 Qxb3 31. Bf1 Nxb5 32. Bc4 Qb4 33. Bxb5 Qxb5 34.
Nf2 Qb3 35. Qd2 c4 36. Qa5 c3 37. Qc7+ Be7 38. Kg2 c2 39. Qc8 Qxd5 40. Qxc2 Qc5
41. Qe2 d5 42. g4 Qd6 43. gxf5 gxf5 44. Qa2 Qc5 45. Qb3 Qc4 46. Qd1 Kg6 47. Kh3
h5 48. Qg1+ Kf7 49. Qd1 Kg6 50. Qg1+ Kh6 51. Qd1 Kg7 52. Qg1+ Kf7 53. Qd1 Ke6
54. Kg2 h4 55. Qh5 Qc3 56. Qg6+ Qf6 57. Qg8+ Qf7 58. Qc8+ Kf6 59. Nh3 Kg7 60.
Qd7 Kg6 61. Qc6+ Kh5 1/2-1/2

[Event "European Senior Teams Chess Championship"]
[Site "Rogaska Slatina"]
[Date "2012.03.29"]
[Round "3.18"]
[White "Pesec, Franc"]
[Black "Lahti, Jouko"]
[Result "1/2-1/2"]
[WhiteElo "2116"]
[BlackElo "2016"]
[PlyCount "78"]
[EventDate "2012.03.27"]
[WhiteTeam "SLO - CELJE"]
[BlackTeam "FIN 2"]

1. e4 e5 2. Nf3 Nc6 3. Bb5 a6 4. Ba4 Nf6 5. O-O Be7 6. Re1 b5 7. Bb3 O-O 8. a4
b4 9. d4 d6 10. c3 bxc3 11. bxc3 Bg4 12. Be3 Na5 13. Bc2 Nc4 14. Bc1 Nd7 15. h3
Bh5 16. Bd3 Na5 17. Nbd2 Bf6 18. g4 Bg6 19. Nf1 c5 20. dxe5 Nxe5 21. Nxe5 dxe5
22. Qe2 Nb3 23. Ra2 Nxc1 24. Rxc1 Bg5 25. Rb1 Qa5 26. Qc2 Rab8 27. Rab2 Rxb2
28. Rxb2 h5 29. Rb7 hxg4 30. hxg4 Bf4 31. Bc4 Qd8 32. f3 Qh4 33. Bxa6 Rd8 34.
Qf2 Qg5 35. Qxc5 Bxe4 36. fxe4 Qxg4+ 37. Kf2 Qh4+ 38. Ke2 Qg4+ 39. Kf2 Qh4+
1/2-1/2

[Event "European Senior Teams Chess Championship"]
[Site "Rogaska Slatina"]
[Date "2012.03.29"]
[Round "3.18"]
[White "Gazvoda, Franc"]
[Black "Auvinen, Esa"]
[Result "0-1"]
[WhiteElo "2075"]
[BlackElo "1961"]
[PlyCount "84"]
[EventDate "2012.03.27"]
[WhiteTeam "SLO - CELJE"]
[BlackTeam "FIN 2"]

1. e4 e5 2. Nf3 Nc6 3. Bc4 f5 4. Bxg8 Rxg8 5. d4 exd4 6. Nxd4 Nxd4 7. Qxd4 Qe7
8. Nc3 c6 9. O-O Qc5 10. Qd3 d6 11. Re1 Kd8 12. Be3 Qa5 13. Qc4 Rh8 14. b4 Qe5
15. Bg5+ Kc7 16. Rad1 Be6 17. Qd3 f4 18. Nd5+ Bxd5 19. Bxf4 Qxf4 20. exd5 Qf7
21. dxc6 bxc6 22. Qa6 Qd7 23. c4 Be7 24. c5 d5 25. Qa5+ Kb7 26. b5 Rhe8 27.
Qa6+ Kc7 28. Rb1 Bxc5 29. Rec1 Qd6 30. bxc6 Qxc6 31. Qa5+ Kd6 32. Rd1 Re2 33.
Rd2 Rae8 34. Rf1 Qb6 35. Qc3 Rxd2 36. Qxd2 Rf8 37. g3 Rxf2 38. Rxf2 Bxf2+ 39.
Kg2 Be3 40. Qd3 Qb2+ 41. Kh3 Qe5 42. Qxh7 Qe6+ 0-1

[Event "European Senior Teams Chess Championship"]
[Site "Rogaska Slatina"]
[Date "2012.03.29"]
[Round "3.19"]
[White "Grahn, Lars"]
[Black "Baumbach, Friedrich Dr"]
[Result "0-1"]
[WhiteElo "2058"]
[BlackElo "2258"]
[PlyCount "112"]
[EventDate "2012.03.27"]
[WhiteTeam "SWE 3"]
[BlackTeam "GER - STIFTUNG BSW/DBAG"]

1. d4 d5 2. Nf3 Nf6 3. Bf4 e6 4. e3 Bd6 5. Ne5 O-O 6. Bd3 c5 7. c3 Nc6 8. Nxc6
bxc6 9. Bg5 Rb8 10. b3 cxd4 11. cxd4 e5 12. Nd2 exd4 13. exd4 Re8+ 14. Kf1 h6
15. Bh4 Rb4 16. Nf3 Bg4 17. Be2 Re4 18. Bg3 Bxf3 19. gxf3 Rexd4 20. Qc2 Qd7 21.
Rc1 Rb6 22. Kg2 Nh5 23. Rhe1 Nf4+ 24. Kh1 Bb4 25. Red1 Nxe2 26. Qxe2 Rxd1+ 27.
Rxd1 c5 28. Qe5 Re6 29. Rxd5 Rxe5 30. Rxd7 Re1+ 31. Kg2 a5 32. a4 Kf8 33. Rd3
Ke7 34. Re3+ Rxe3 35. fxe3 Ke6 36. Kf2 Kd5 37. Ke2 c4 38. e4+ Kd4 39. bxc4 Kxc4
40. Be5 f6 41. Bc7 Kb3 42. f4 Kxa4 43. e5 fxe5 44. fxe5 Kb5 45. e6 a4 46. Kd3
a3 47. Be5 g5 48. Bg7 h5 49. Bf6 a2 50. Kc2 Be7 51. Be5 Kc4 52. Kb2 Kd5 53. Bc3
Kxe6 54. Kxa2 Kf5 55. h3 Kf4 56. Be1 Kf3 0-1

[Event "European Senior Teams Chess Championship"]
[Site "Rogaska Slatina"]
[Date "2012.03.29"]
[Round "3.19"]
[White "Andersson, Sven-Olof"]
[Black "Mai, Hartmut"]
[Result "1/2-1/2"]
[WhiteElo "2037"]
[BlackElo "1937"]
[PlyCount "26"]
[EventDate "2012.03.27"]
[WhiteTeam "SWE 3"]
[BlackTeam "GER - STIFTUNG BSW/DBAG"]

1. d4 d5 2. Nf3 Nf6 3. g3 c6 4. Bg2 Bf5 5. O-O Nbd7 6. b3 e6 7. Bb2 Bd6 8. Nbd2
Ne4 9. Nxe4 Bxe4 10. Nd2 Bxg2 11. Kxg2 f5 12. e3 O-O 13. c4 Qf6 1/2-1/2

[Event "European Senior Teams Chess Championship"]
[Site "Rogaska Slatina"]
[Date "2012.03.29"]
[Round "3.20"]
[White "Danner, Georg"]
[Black "Strand, Oyvin"]
[Result "1-0"]
[WhiteElo "2402"]
[BlackElo "1988"]
[PlyCount "91"]
[EventDate "2012.03.27"]
[WhiteTeam "AUT 1"]
[BlackTeam "NOR 3"]

1. d4 d5 2. Nf3 Nf6 3. c4 e6 4. e3 Be7 5. Bd3 O-O 6. O-O b6 7. cxd5 exd5 8. Nc3
Bb7 9. b3 Nbd7 10. Bb2 Ne4 11. Rc1 Rc8 12. Qc2 Ndf6 13. Nb5 c5 14. dxc5 bxc5
15. Rfd1 Qb6 16. Nc3 Nxc3 17. Qxc3 Rfe8 18. Qe5 g6 19. Bf1 h6 20. Qf4 Kh7 21.
Ne5 Qe6 22. Qa4 a6 23. Nd3 Ne4 24. Nf4 Qf5 25. f3 Nd6 26. g3 c4 27. bxc4 dxc4
28. Bh3 Qb5 29. Qxb5 axb5 30. Bxc8 Rxc8 31. Nd5 Bxd5 32. Rxd5 b4 33. Bd4 Nf5
34. Rd7 Kg8 35. Kf2 Nxd4 36. Rxe7 Nc6 37. Rb7 c3 38. Ke2 Rd8 39. Rc2 Rd6 40. g4
Kg7 41. a3 Re6 42. Kf2 bxa3 43. Rxc3 a2 44. Ra3 g5 45. Rxa2 Kg6 46. Ra8 1-0

[Event "European Senior Teams Chess Championship"]
[Site "Rogaska Slatina"]
[Date "2012.03.29"]
[Round "3.20"]
[White "Theting, Helge E"]
[Black "Hoelzl, Franz"]
[Result "0-1"]
[WhiteElo "1980"]
[BlackElo "2336"]
[PlyCount "60"]
[EventDate "2012.03.27"]
[WhiteTeam "NOR 3"]
[BlackTeam "AUT 1"]

1. Nf3 g6 2. g3 Bg7 3. Bg2 e5 4. d3 d5 5. O-O Ne7 6. Nbd2 O-O 7. e4 Nbc6 8. c3
a5 9. a4 h6 10. Re1 Be6 11. exd5 Bxd5 12. Qe2 g5 13. Nc4 Ng6 14. Be3 Re8 15.
Rad1 Qd7 16. Bc5 g4 17. Nfd2 Bxg2 18. Kxg2 Qd5+ 19. Ne4 f5 20. Ne3 Qd7 21. Nd2
h5 22. Kg1 Rad8 23. Ndc4 b6 24. Ba3 Nd4 25. cxd4 exd4 26. Qc2 dxe3 27. Rxe3 Bd4
28. Ree1 h4 29. Qb3 Qf7 30. Nxa5 bxa5 0-1

[Event "European Senior Teams Chess Championship"]
[Site "Rogaska Slatina"]
[Date "2012.03.29"]
[Round "3.20"]
[White "Wittmann, Walter"]
[Black "Henrichsen, Erland"]
[Result "1-0"]
[WhiteElo "2286"]
[BlackElo "1978"]
[PlyCount "50"]
[EventDate "2012.03.27"]
[WhiteTeam "AUT 1"]
[BlackTeam "NOR 3"]

1. e4 e6 2. d4 d5 3. Nd2 c5 4. exd5 cxd4 5. Ngf3 Qxd5 6. Bc4 Qd8 7. O-O Nf6 8.
Nb3 Be7 9. Nbxd4 O-O 10. Qe2 a6 11. a4 Qc7 12. Bb3 Nc6 13. Nxc6 Qxc6 14. Re1
Bc5 15. Ne5 Qc7 16. Bf4 Bd6 17. Rad1 Bxe5 18. Bxe5 Qc6 19. Rd6 Qc5 20. Rd3 Re8
21. Rg3 Kh8 22. Rxg7 Kxg7 23. Qg4+ Kf8 24. Bxf6 Rd8 25. Qg7+ Ke8 1-0

[Event "European Senior Teams Chess Championship"]
[Site "Rogaska Slatina"]
[Date "2012.03.29"]
[Round "3.20"]
[White "Kverndal, Leif"]
[Black "Singer, Hans"]
[Result "0-1"]
[WhiteElo "1914"]
[BlackElo "2265"]
[PlyCount "38"]
[EventDate "2012.03.27"]
[WhiteTeam "NOR 3"]
[BlackTeam "AUT 1"]

1. d4 Nf6 2. Nf3 b6 3. g3 Bb7 4. Bg2 e6 5. O-O Be7 6. c4 O-O 7. Nc3 Ne4 8. Nxe4
Bxe4 9. Nd2 Bxg2 10. Kxg2 d5 11. Kg1 Bf6 12. e3 Nc6 13. Qa4 Qd7 14. cxd5 Qxd5
15. e4 Qd7 16. Nf3 Rfd8 17. e5 Nxe5 18. Qb3 Nxf3+ 19. Qxf3 Bxd4 0-1

[Event "European Senior Teams Chess Championship"]
[Site "Rogaska Slatina"]
[Date "2012.03.29"]
[Round "3.21"]
[White "Niebuhr, Gerd"]
[Black "Mckerracher, Douglas"]
[Result "1/2-1/2"]
[WhiteElo "2079"]
[BlackElo "2015"]
[PlyCount "110"]
[EventDate "2012.03.27"]
[WhiteTeam "GER - FREIBAUER"]
[BlackTeam "SCO 2"]

1. d4 f5 2. Nf3 Nf6 3. g3 e6 4. Bg2 d5 5. O-O Bd6 6. c4 c6 7. Qc2 O-O 8. Nc3
Bd7 9. c5 Bc7 10. Bf4 Bxf4 11. gxf4 Be8 12. Ne5 Nbd7 13. f3 Nh5 14. Nxd7 Bxd7
15. e3 Kh8 16. Qf2 Rg8 17. Kh1 Qe7 18. Bh3 Raf8 19. Rg1 Rf6 20. Bf1 Rh6 21. Bd3
Rf6 22. b4 Rff8 23. a4 Rb8 24. Rg5 g6 25. Qh4 Qf7 26. b5 Qf8 27. a5 Qd8 28. Qf2
Rg7 29. Rgg1 Qe8 30. Rgb1 g5 31. fxg5 Rxg5 32. f4 Rg7 33. bxc6 Bxc6 34. Rg1
Rxg1+ 35. Rxg1 Nf6 36. Be2 Qf7 37. Qh4 Nd7 38. Bh5 Qf8 39. Bf3 Nf6 40. Rg6 Ng8
41. Rxe6 Qf7 42. Re5 b6 43. axb6 axb6 44. cxb6 Rxb6 45. Qg5 Qa7 46. Qg1 Ne7 47.
Qg5 Ng8 48. Qxf5 Qa1+ 49. Nd1 Ba4 50. Rxd5 Bxd1 51. Qe5+ Rf6 52. Bxd1 Qxd1+ 53.
Kg2 Qe2+ 54. Kg1 Qe1+ 55. Kg2 Qe2+ 1/2-1/2

[Event "European Senior Teams Chess Championship"]
[Site "Rogaska Slatina"]
[Date "2012.03.29"]
[Round "3.21"]
[White "Juergens, Peter"]
[Black "Smith, Stephen H"]
[Result "1/2-1/2"]
[WhiteElo "1993"]
[BlackElo "1855"]
[PlyCount "86"]
[EventDate "2012.03.27"]
[WhiteTeam "GER - FREIBAUER"]
[BlackTeam "SCO 2"]

1. d4 Nf6 2. Nf3 e6 3. Bf4 b6 4. e3 Bb7 5. Bd3 c5 6. Nbd2 Be7 7. h3 O-O 8. O-O
d5 9. c3 Nc6 10. Ne5 Nd7 11. Ndf3 f5 12. Nxd7 Qxd7 13. Bb5 Qc8 14. Bxc6 Bxc6
15. Kh2 Bf6 16. Rg1 Qd8 17. g4 g6 18. g5 Bg7 19. Qd2 c4 20. h4 Be8 21. Qe1 a6
22. Qf1 Ra7 23. Qg2 Rff7 24. Qg3 Rfd7 25. Rge1 b5 26. a3 Bf8 27. Ne5 Rdb7 28.
f3 Bg7 29. Qf2 Bxe5 30. Bxe5 Bc6 31. Qg3 Rd7 32. Qf4 Rf7 33. Kg3 Rfb7 34. Rh1
Be8 35. Rhe1 Bc6 36. Bf6 Qc7 37. Be5 Qd8 38. Rh1 Be8 39. Rae1 Qc8 40. Rhf1 Rf7
41. Rh1 Rfd7 42. Ref1 Qc6 43. Re1 Qc8 1/2-1/2

[Event "European Senior Teams Chess Championship"]
[Site "Rogaska Slatina"]
[Date "2012.03.29"]
[Round "3.22"]
[White "Gustavsson, Sture"]
[Black "Johnsen, Oystein"]
[Result "1/2-1/2"]
[WhiteElo "2018"]
[BlackElo "1899"]
[PlyCount "69"]
[EventDate "2012.03.27"]
[WhiteTeam "SWE 4"]
[BlackTeam "NOR 4"]

1. d4 d5 2. Nf3 Nf6 3. e3 e6 4. Bd3 c5 5. b3 cxd4 6. exd4 Nc6 7. O-O Bd6 8. Bb2
O-O 9. Re1 b6 10. Nbd2 Bb7 11. Ne5 Rc8 12. c3 Ne7 13. f4 g6 14. Qe2 Rc7 15. Rf1
Qc8 16. Rae1 Nf5 17. g4 Ng7 18. g5 Nfh5 19. Qg4 f5 20. Qe2 Qd8 21. Qe3 Re7 22.
Rf2 Qc7 23. Qf3 a6 24. Nf1 b5 25. Ng3 Nxg3 26. Qxg3 Rd8 27. h4 Qa5 28. Ba1 Qc7
29. Rc2 Ba8 30. Kh2 Nh5 31. Qf2 Qb7 32. Be2 Ng7 33. Bf3 Ne8 34. h5 Bxe5 35.
Rxe5 1/2-1/2

[Event "European Senior Teams Chess Championship"]
[Site "Rogaska Slatina"]
[Date "2012.03.29"]
[Round "3.22"]
[White "Ovesen, Karsten"]
[Black "Ohrn, Stellan"]
[Result "0-1"]
[WhiteElo "1893"]
[BlackElo "1997"]
[PlyCount "60"]
[EventDate "2012.03.27"]
[WhiteTeam "NOR 4"]
[BlackTeam "SWE 4"]

1. d4 Nf6 2. Nf3 b6 3. Bg5 Bb7 4. e3 e6 5. Bd3 d5 6. Nbd2 Nbd7 7. O-O Be7 8. c4
O-O 9. a3 c5 10. cxd5 exd5 11. Rc1 Ne4 12. Bxe7 Qxe7 13. Bb1 f5 14. Nxe4 fxe4
15. Nd2 Ba6 16. Re1 cxd4 17. exd4 Qf6 18. Nxe4 dxe4 19. Bxe4 Qxf2+ 20. Kh1 Rae8
21. Bd5+ Kh8 22. Rxe8 Rxe8 23. h3 Nf6 24. Bf3 h6 25. Qa4 Bc8 26. Kh2 Bf5 27. d5
a5 28. Rc7 Be4 29. Bxe4 Rxe4 30. Qc6 Ng4+ 0-1

[Event "European Senior Teams Chess Championship"]
[Site "Rogaska Slatina"]
[Date "2012.03.29"]
[Round "3.22"]
[White "Johansen, Bjorn"]
[Black "Nilsson, Weine"]
[Result "1-0"]
[WhiteElo "1716"]
[BlackElo "1965"]
[PlyCount "75"]
[EventDate "2012.03.27"]
[WhiteTeam "NOR 4"]
[BlackTeam "SWE 4"]

1. d4 Nf6 2. Nc3 d5 3. Nf3 e6 4. a3 c5 5. e3 Nc6 6. Bb5 Bd7 7. O-O Bd6 8. dxc5
Bxc5 9. b4 Be7 10. Bb2 O-O 11. Bd3 Qc7 12. Nb5 Qb6 13. c4 dxc4 14. Bxc4 Rfd8
15. Qc2 Nxb4 16. Qe2 Nc6 17. Ne5 Nxe5 18. Bxe5 a6 19. Bc7 Qc5 20. Bxd8 Bxd8 21.
Nd4 e5 22. Rfc1 Qe7 23. Nf3 Bc6 24. Ng5 Nd5 25. Nf3 Nb6 26. Bb3 Bc7 27. e4 Na4
28. Rxc6 bxc6 29. Bxa4 Qc5 30. Qe3 Qc4 31. Bb3 Qb5 32. Rb1 Kf8 33. Ng5 Bb6 34.
Qf3 f6 35. Qf5 Qd3 36. Nxh7+ Ke8 37. Qe6+ Kd8 38. Rd1 1-0

[Event "European Senior Teams Chess Championship"]
[Site "Rogaska Slatina"]
[Date "2012.03.29"]
[Round "3.23"]
[White "Patola, Eero"]
[Black "Palmo, Pentti"]
[Result "1/2-1/2"]
[WhiteElo "1930"]
[BlackElo "2064"]
[PlyCount "40"]
[EventDate "2012.03.27"]
[WhiteTeam "FIN - HELSINKI"]
[BlackTeam "FIN - TURKU"]

1. e4 d5 2. exd5 Qxd5 3. Nc3 Qa5 4. d4 Nf6 5. Bd2 c6 6. Nf3 Nbd7 7. Bc4 h6 8.
Qe2 Qh5 9. Ne5 Qxe2+ 10. Nxe2 e6 11. Nxd7 Bxd7 12. O-O Be7 13. Ng3 O-O 14. Bd3
Rfd8 15. h3 Be8 16. Be3 Nd5 17. a3 f5 18. Bd2 Bf6 19. c3 Nb6 20. Rae1 Bf7
1/2-1/2

[Event "European Senior Teams Chess Championship"]
[Site "Rogaska Slatina"]
[Date "2012.03.29"]
[Round "3.23"]
[White "Alkkiomaki, Jyrki"]
[Black "Laitinen, Martti"]
[Result "0-1"]
[WhiteElo "2033"]
[BlackElo "1808"]
[PlyCount "74"]
[EventDate "2012.03.27"]
[WhiteTeam "FIN - TURKU"]
[BlackTeam "FIN - HELSINKI"]

1. e4 c5 2. Nf3 Nc6 3. d4 cxd4 4. Nxd4 Nf6 5. Nc3 e5 6. Ndb5 d6 7. Bg5 a6 8.
Na3 b5 9. Nd5 Be7 10. Bxf6 Bxf6 11. c3 Bg5 12. Nc2 O-O 13. h4 Bh6 14. a4 bxa4
15. Rxa4 a5 16. b4 Bd7 17. b5 Ne7 18. Nce3 Bxe3 19. Nxe3 Qb6 20. c4 Be6 21. Be2
f5 22. exf5 Nxf5 23. Nxf5 Rxf5 24. O-O Rf4 25. c5 Qxc5 26. Rxf4 exf4 27. Qd2
Qb4 28. Qd3 Rb8 29. Rb1 Qc5 30. Qd2 Bc4 31. Bxc4+ Qxc4 32. Qxd6 Rf8 33. b6 Qc2
34. Rb5 Qc1+ 35. Kh2 Qf1 36. Qxf8+ Kxf8 37. b7 Qxb5 0-1

[Event "European Senior Teams Chess Championship"]
[Site "Rogaska Slatina"]
[Date "2012.03.29"]
[Round "3.23"]
[White "Ranki, Martti"]
[Black "Pitkanen, Juhani"]
[Result "1-0"]
[WhiteElo "1915"]
[BlackElo "1715"]
[PlyCount "75"]
[EventDate "2012.03.27"]
[WhiteTeam "FIN - TURKU"]
[BlackTeam "FIN - HELSINKI"]

1. e4 c5 2. Nf3 e6 3. d4 cxd4 4. Nxd4 a6 5. Be2 Nf6 6. Bf3 Nc6 7. Nxc6 bxc6 8.
O-O d5 9. exd5 cxd5 10. c4 Bb7 11. Nc3 Qa5 12. Re1 Bb4 13. Bd2 O-O 14. a3 Bxc3
15. Bxc3 Qd8 16. Qd4 Rc8 17. Rad1 Qc7 18. c5 Qxc5 19. Qxc5 Rxc5 20. Bb4 Rc7 21.
Bxf8 Kxf8 22. Rc1 Ne8 23. Rc3 Ke7 24. Be2 Rxc3 25. bxc3 Kd6 26. Rb1 Kc7 27. f4
Nd6 28. Bd3 g6 29. g4 h6 30. Kf2 Ne4+ 31. Bxe4 dxe4 32. h4 f5 33. g5 h5 34. Ke3
Bc6 35. Kd4 Bd7 36. Ke5 Kc6 37. Kf6 e3 38. Re1 1-0

[Event "European Senior Teams Chess Championship"]
[Site "Rogaska Slatina"]
[Date "2012.03.30"]
[Round "4.1"]
[White "Zivkovic, Ljubo"]
[Black "Hecht, Hans-Joachim"]
[Result "1/2-1/2"]
[WhiteElo "2279"]
[BlackElo "2383"]
[PlyCount "33"]
[EventDate "2012.03.27"]
[WhiteTeam "MNE"]
[BlackTeam "GER 1"]

1. c4 e5 2. Nc3 Nf6 3. Nf3 Nc6 4. g3 Bb4 5. Bg2 O-O 6. O-O Bxc3 7. bxc3 Re8 8.
d3 e4 9. Nd4 exd3 10. exd3 Nxd4 11. cxd4 d5 12. Be3 Be6 13. Rc1 h6 14. h3 Qd7
15. Kh2 Rad8 16. Qb3 c6 17. c5 1/2-1/2

[Event "European Senior Teams Chess Championship"]
[Site "Rogaska Slatina"]
[Date "2012.03.30"]
[Round "4.1"]
[White "Dragasevic, Srdja"]
[Black "Haakert, Juergen"]
[Result "1/2-1/2"]
[WhiteElo "2267"]
[BlackElo "2394"]
[PlyCount "60"]
[EventDate "2012.03.27"]
[WhiteTeam "MNE"]
[BlackTeam "GER 1"]

1. d4 e6 2. Nf3 c5 3. c3 Nc6 4. e4 d5 5. exd5 exd5 6. Be3 Qb6 7. b3 Bg4 8. dxc5
Bxc5 9. Bxc5 Qxc5 10. Be2 Nf6 11. h3 Bxf3 12. Bxf3 O-O 13. O-O a5 14. a4 Rfe8
15. Ra2 Ne4 16. Qc1 Ne5 17. Bxe4 dxe4 18. Na3 Nd3 19. Qc2 Ra6 20. Nc4 f5 21.
Qe2 f4 22. Kh1 f3 23. Qe3 Qh5 24. Kh2 Rf6 25. g4 Qh4 26. Rg1 Nf4 27. Rg3 Nxh3
28. Rxh3 Qxg4 29. Rg3 Qh5+ 30. Rh3 Qg4 1/2-1/2

[Event "European Senior Teams Chess Championship"]
[Site "Rogaska Slatina"]
[Date "2012.03.30"]
[Round "4.1"]
[White "Klundt, Klaus"]
[Black "Raicevic, Momcilo"]
[Result "0-1"]
[WhiteElo "2378"]
[BlackElo "2372"]
[PlyCount "54"]
[EventDate "2012.03.27"]
[WhiteTeam "GER 1"]
[BlackTeam "MNE"]

1. e4 c6 2. d4 g6 3. Nc3 d5 4. Nf3 Bg7 5. h3 Nf6 6. e5 Nfd7 7. Bd3 O-O 8. O-O
c5 9. e6 fxe6 10. Ng5 Nf6 11. Re1 cxd4 12. Nb5 Nc6 13. Nxe6 Bxe6 14. Rxe6 a6
15. Na3 Qd7 16. Re1 e5 17. Nb1 Nh5 18. Nd2 e4 19. Be2 Qf7 20. Rf1 Nf4 21. Nb3
Rae8 22. Bxf4 Qxf4 23. Qd2 Qxd2 24. Nxd2 Nb4 25. Bd1 e3 26. fxe3 dxe3 27. Rxf8+
Bxf8 0-1

[Event "European Senior Teams Chess Championship"]
[Site "Rogaska Slatina"]
[Date "2012.03.30"]
[Round "4.2"]
[White "Korchnoi, Viktor"]
[Black "Vasiukov, Evgeni"]
[Result "0-1"]
[WhiteElo "2549"]
[BlackElo "2455"]
[Annotator ",Tina"]
[PlyCount "62"]
[EventDate "2012.03.27"]
[WhiteTeam "SUI"]
[BlackTeam "RUS 1"]

1. d4 f5 2. Bg5 g6 3. c4 Nh6 4. Nf3 Nf7 5. Bf4 d6 6. Nc3 Bg7 7. d5 c6 8. Rc1
O-O 9. e3 Na6 10. h4 Qb6 11. Rc2 Nc5 12. h5 e5 13. dxe6 Nxe6 14. hxg6 hxg6 15.
Nh4 Nxf4 16. exf4 Re8+ 17. Be2 Be6 18. Qd3 Qd4 19. Qg3 Qf6 20. Kd1 Bd7 21. Rd2
Rad8 22. Nf3 Bh6 23. Rh4 Bc8 24. Qh2 Bg7 25. Nd4 Re7 26. f3 Re3 27. g4 fxg4 28.
fxg4 g5 29. fxg5 Nxg5 30. Nf5 Bxf5 31. gxf5 Qxf5 0-1

[Event "European Senior Teams Chess Championship"]
[Site "Rogaska Slatina"]
[Date "2012.03.30"]
[Round "4.2"]
[White "Shvedchikov, Anatoli I"]
[Black "Vucenovic, Dragomir"]
[Result "1/2-1/2"]
[WhiteElo "2405"]
[BlackElo "2260"]
[PlyCount "54"]
[EventDate "2012.03.27"]
[WhiteTeam "RUS 1"]
[BlackTeam "SUI"]

1. d4 d5 2. Nf3 Nf6 3. e3 e6 4. Bd3 Nbd7 5. b3 Bd6 6. Bb2 O-O 7. Nbd2 Qe7 8.
O-O Ba3 9. Bxa3 Qxa3 10. c4 Qe7 11. Qc2 g6 12. cxd5 Nxd5 13. Qb2 c6 14. Rac1
Re8 15. Nc4 N7b6 16. e4 Nxc4 17. Bxc4 e5 18. Rfd1 exd4 19. Qxd4 Nb6 20. h3 Be6
21. Bf1 Rad8 22. Qc3 Rxd1 23. Rxd1 Rd8 24. Rxd8+ Qxd8 25. Qa5 a6 26. Qc5 Nd7
27. Qd6 Qa5 1/2-1/2

[Event "European Senior Teams Chess Championship"]
[Site "Rogaska Slatina"]
[Date "2012.03.30"]
[Round "4.2"]
[White "Bhend, Edwin"]
[Black "Mishuchkov, Nikolai M"]
[Result "0-1"]
[WhiteElo "2241"]
[BlackElo "2431"]
[Annotator ",Tina"]
[PlyCount "37"]
[EventDate "2012.03.27"]
[WhiteTeam "SUI"]
[BlackTeam "RUS 1"]

1. d4 Nf6 2. Nf3 e6 3. e3 b6 4. Bd3 Bb7 5. Nbd2 c5 6. O-O Be7 7. Re1 cxd4 8.
exd4 d6 9. Nf1 Nbd7 10. Ng3 O-O 11. c3 Rc8 12. Ng5 h6 13. N5e4 Nxe4 14. Nxe4
Nf6 15. Nxf6+ Bxf6 16. a4 Bg5 17. f4 Bf6 18. Be3 g6 19. Bf2 {unreadable} 0-1

[Event "European Senior Teams Chess Championship"]
[Site "Rogaska Slatina"]
[Date "2012.03.30"]
[Round "4.4"]
[White "Gundersen, Helge"]
[Black "Sloth, Jorn"]
[Result "1/2-1/2"]
[WhiteElo "2223"]
[BlackElo "2351"]
[PlyCount "48"]
[EventDate "2012.03.27"]
[WhiteTeam "NOR 1"]
[BlackTeam "DEN 1"]

1. e4 e6 2. d4 d5 3. e5 Bd7 4. Nf3 a6 5. Bd3 Bb5 6. O-O Nc6 7. b3 Bxd3 8. Qxd3
Qd7 9. c4 O-O-O 10. Be3 f6 11. Nc3 fxe5 12. cxd5 exd5 13. dxe5 d4 14. e6 Qxe6
15. Bxd4 Bc5 16. Ne2 Nge7 17. Qc3 Bb4 18. Qc2 Qf5 19. Qxf5+ Nxf5 20. Bb2 Rhe8
21. Ng3 Nxg3 22. hxg3 Rd7 23. Rfd1 g6 24. Rxd7 Kxd7 1/2-1/2

[Event "European Senior Teams Chess Championship"]
[Site "Rogaska Slatina"]
[Date "2012.03.30"]
[Round "4.4"]
[White "Kolbak, Jens"]
[Black "Hjertenes, Oystein"]
[Result "1-0"]
[WhiteElo "2278"]
[BlackElo "2115"]
[PlyCount "63"]
[EventDate "2012.03.27"]
[WhiteTeam "DEN 1"]
[BlackTeam "NOR 1"]

1. Nf3 g6 2. d4 Bg7 3. e4 c6 4. Be2 d5 5. e5 f6 6. O-O Nd7 7. exf6 Ndxf6 8. c4
Nh6 9. cxd5 cxd5 10. Bb5+ Bd7 11. Bxd7+ Qxd7 12. Ne5 Qf5 13. Qa4+ Kf8 14. Nc3
Nf7 15. f4 Nd6 16. Be3 h5 17. Rae1 Kg8 18. Qb3 e6 19. Bc1 Kh7 20. Nf3 Nfe4 21.
Nxe4 dxe4 22. Ng5+ Kh6 23. Nxe6 Bf6 24. Be3 Rhc8 25. Rc1 Qb5 26. f5+ Kh7 27.
fxg6+ Kxg6 28. Nf4+ Kh7 29. Qe6 Rxc1 30. Rxc1 Ne8 31. Qxe4+ Kh8 32. Rc5 1-0

[Event "European Senior Teams Chess Championship"]
[Site "Rogaska Slatina"]
[Date "2012.03.30"]
[Round "4.5"]
[White "Titz, Heimo"]
[Black "Donchenko, Anatoly"]
[Result "1/2-1/2"]
[WhiteElo "2206"]
[BlackElo "2376"]
[PlyCount "22"]
[EventDate "2012.03.27"]
[WhiteTeam "AUT - WIEN 1"]
[BlackTeam "GER - HESSEN"]

1. c4 c5 2. Nc3 g6 3. g3 Bg7 4. Bg2 Nc6 5. a3 h5 6. h4 Nh6 7. Nf3 O-O 8. O-O d6
9. d3 Nf5 10. Rb1 Bd7 11. Bd2 a5 1/2-1/2